| 000 | 01023cam a2200313 i 4500 | ||
|---|---|---|---|
| 001 | 62465 | ||
| 003 | Mx-PuUPA | ||
| 005 | 20250516142829.0 | ||
| 008 | 150427s2000 mx # gr 000 0 spa d | ||
| 020 | _a9683675255 | ||
| 040 |
_cMx-PuUPA _aMx-PuUPA _bspa _dMx-PuUPA _erda |
||
| 041 | 0 | _aspa | |
| 100 | 1 |
_aValencia, Tita, _d1937- _eautor _9358 |
|
| 245 | 1 | 0 |
_aEsencia y presencia guadalupanas / _cTita Valencia |
| 250 | _aPrimera edición | ||
| 264 | 1 |
_aMexico, D.F. : _bUniversidad Nacional Autónoma de México, _c©2000 |
|
| 300 |
_a95 páginas ; _c21 cm |
||
| 336 |
_atexto _2rdacontent _btxt |
||
| 337 |
_asin medio _2rdamedia _bn |
||
| 338 |
_avolumen _2rdacarrier _bnc |
||
| 490 | 0 | _aTextos de Difusión Cultural | |
| 490 | 0 | _aDiagonal | |
| 600 | 0 | 4 | _aGuadalupe, Nuestra Señora de |
| 600 | 0 | 4 |
_aVirgen de Guadalupe _zMéxico _xCulto _xHistoria |
| 650 | 7 |
_2armarc _aCaracterísticas nacionales mexicanas |
|
| 942 |
_2ddc _cLI _h232.917 _iV35 |
||
| 999 |
_c62465 _d62465 |
||